Central Library OPAC University of Rajshahi

Tropical Agriculture : (Record no. 14770)

MARC details
000 -LEADER
fixed length control field 00739nam a2200265 4500
001 - CONTROL NUMBER
control field 14770
003 - CONTROL NUMBER IDENTIFIER
rucl marc code BD-RjUL
005 - DATE AND TIME OF LATEST TRANSACTION
control field 20211208235705.0
008 - FIXED-LENGTH DATA ELEMENTS--GENERAL INFORMATION
fixed length control field 140208s1961 nyuab b 001 0 eng
035 ## - SYSTEM CONTROL NUMBER
System control number MITb10171578
System control number (BD-RjUL)14824
System control number GLIS00171578
040 ## - CATALOGING SOURCE
Original cataloging agency DLC
Transcribing agency DLC
Modifying agency MYG
-- BD-RjUL
Language of cataloging eng
041 ## - LANGUAGE CODE
Language code of text/sound track or separate title eng
082 ## - DEWEY DECIMAL CLASSIFICATION NUMBER
Classification number 360.913
Author mark and year WRT
Edition number 23
090 ## - LOCALLY ASSIGNED LC-TYPE CALL NUMBER (OCLC); LOCAL CALL NUMBER (OCLC)
Classification number (OCLC) (R) ; Classification number, CALL (RLIN) (NR) S481
Local cutter number (OCLC) ; Book number/undivided call number, CALL (RLIN) .W954
099 ## - LOCAL FREE-TEXT CALL NUMBER (OCLC)
Bangla Class number S481.W954
100 1# - MAIN ENTRY--PERSONAL NAME
Personal name Wrigley, Gordon.
9 (RLIN) 46006
245 10 - TITLE STATEMENT
Title Tropical Agriculture :
Remainder of title the development of production /
260 ## - PUBLICATION, DISTRIBUTION, ETC. (IMPRINT)
Place of publication, distribution, etc. New York :
Name of publisher, distributor, etc. Praeger,
Date of publication, distribution, etc. 1961.
300 ## - PHYSICAL DESCRIPTION
Pagination 376 p. :
Illustrations ill. ;
Size 26 cm.
504 ## - BIBLIOGRAPHY, ETC. NOTE
Bibliography, etc Include Bibliography: p. 341-363 and index.
650 #0 - SUBJECT ADDED ENTRY--TOPICAL TERM
Topical term or geographic name as entry element Agriculture
Geographic subdivision Tropics.
9 (RLIN) 46007
942 ## - ADDED ENTRY ELEMENTS (KOHA)
Source of classification or shelving scheme Dewey Decimal Classification
Koha item type Books
Holdings
Lost status Source of classification or shelving scheme Damaged status Not for loan Collection code Permanent Location Current Location Shelving location Date acquired Source of acquisition Cost, normal purchase price Total Checkouts Full call number Date last seen Copy number Koha item type
  Dewey Decimal Classification   Not For Loan Non-fiction Central Library, University of Rajshahi Central Library, University of Rajshahi Reading Room 10/09/1964 Zeitlinger 45.00   631.913 WRT 1961 08/02/2014 C-1 Books
  Dewey Decimal Classification     Non-fiction Central Library, University of Rajshahi Central Library, University of Rajshahi   30/11/1965 Zetlinger 45.00   630.913 WRT 1961 01/06/2017 C-2 Books